[Event "Bangkok op 22nd"]
[Site "Bangkok"]
[Date "2025.04.17"]
[Round "5"]
[White "Xing, Zerui Ryan"]
[Black "Kyaw, Lin Naing"]
[Result "0-1"]
[WhiteElo "1965"]
[BlackElo "2281"]
[PlyCount "74"]
[EventDate "2025.04.13"]
[EventType "swiss"]
[EventRounds "9"]
[EventCountry "THA"]
[SourceTitle "CB17_2025"]
[SourceDate "2025.04.23"]
[SourceVersion "1"]
[SourceVersionDate "2025.04.23"]
[SourceQuality "1"]

1. d4 Nf6 2. c4 e6 3. Nc3 Bb4 4. e3 c5 5. Bd3 d5 6. Nf3 Nc6 7. 0-0 dxc4 8. Bxc4 cxd4 9. exd4 0-0 10. Bg5 Be7 11. Qd2 a6 12. a4 Qa5 13. Rad1 Rd8 14. Rfe1 h6 15. Bh4 Bd7 16. Qe2 Re8 17. Ne5 Rad8 18. Bg3 Bb4 19. Bh4 Be7 20. Nxf7 Kxf7 21. d5 exd5 22. Rxd5 Nxd5 23. Nxd5 Qxe1+ 24. Qxe1 Bxh4 25. Ne7+ Kf6 26. Nd5+ Kg6 27. Nf4+ Kf5 28. Bd3+ Kxf4 29. g3+ Kg5 30. Qc1+ Kf6 31. Qf4+ Ke7 32. Qxh4+ Kd6 33. Qf4+ Re5 34. b4 g5 35. Qf6+ Kc7 36. b5 Bh3 37. f4 Rxd3 0-1

[Event "Bangkok op 22nd"]
[Site "Bangkok"]
[Date "2025.04.16"]
[Round "4"]
[White "Nordenbaek, Jan"]
[Black "Xing, Zerui Ryan"]
[Result "1/2-1/2"]
[WhiteElo "2181"]
[BlackElo "1965"]
[PlyCount "77"]
[EventDate "2025.04.13"]
[EventType "swiss"]
[EventRounds "9"]
[EventCountry "THA"]
[SourceTitle "CB17_2025"]
[SourceDate "2025.04.23"]
[SourceVersion "1"]
[SourceVersionDate "2025.04.23"]
[SourceQuality "1"]

1. Nf3 d5 2. d4 e6 3. e3 Nf6 4. Bd3 b6 5. Nbd2 Bb7 6. Ne5 Bd6 7. f4 0-0 8. 0-0 c5 9. c3 Ne4 10. Qc2 f5 11. Nxe4 fxe4 12. Be2 Bxe5 13. fxe5 Rxf1+ 14. Bxf1 Nc6 15. Bd2 Qg5 16. Qd1 Ne7 17. Qa4 Rf8 18. Qxa7 Qf5 19. Bb5 Qf2+ 20. Kh1 Qxd2 21. Qxb7 Qxb2 22. Rg1 Nf5 23. Bd7 Nxe3 24. Bxe6+ Kh8 25. Bf7 Ng4 26. h3 Qf2 27. Qd7 Rxf7 28. Qxg4 e3 29. e6 Re7 30. Qg5 Re8 31. Qxd5 Qf6 32. Qd7 Qxe6 33. Qxe6 Rxe6 34. dxc5 bxc5 35. Re1 Kg8 36. Re2 Kf7 37. g3 Ra6 38. Kg2 Ra3 39. Kf3 1/2-1/2

[Event "Oceania zt 3.6"]
[Site "Melbourne"]
[Date "2025.01.24"]
[Round "1"]
[White "Xing, Zerui Ryan"]
[Black "Kuybokarov, Temur"]
[Result "0-1"]
[WhiteElo "1953"]
[BlackElo "2550"]
[PlyCount "88"]
[EventDate "2025.01.24"]
[EventType "swiss"]
[EventRounds "9"]
[EventCountry "AUS"]
[SourceTitle "CB06_2025"]
[SourceDate "2025.02.05"]
[SourceVersion "1"]
[SourceVersionDate "2025.02.05"]
[SourceQuality "1"]

1. d4 Nf6 2. c4 g6 3. Nc3 d5 4. cxd5 Nxd5 5. e4 Nxc3 6. bxc3 Bg7 7. Bc4 c5 8. Ne2 0-0 9. Be3 Nc6 10. 0-0 e6 11. Qd2 Qa5 12. Rfd1 Rd8 13. Qb2 Bd7 14. Rac1 b6 15. Bf4 Rac8 16. dxc5 Ne5 17. Bxe5 Bxe5 18. Qb4 Qxc5 19. Qxc5 Rxc5 20. Bb3 Kf8 21. Rd3 Ke7 22. Rcd1 g5 23. g3 g4 24. Nd4 h5 25. Kg2 Bc7 26. f4 gxf3+ 27. Rxf3 Rg8 28. Rdf1 Rg7 29. Kf2 Bc8 30. Ke1 Bb7 31. Re3 Rg4 32. Bd1 Rxe4 33. Rxe4 Bxe4 34. Kd2 h4 35. gxh4 Bxh2 36. h5 Rg5 37. Be2 e5 38. Nb5 Bf4+ 39. Kd1 Rg3 40. Nxa7 Rxc3 41. Ke1 Rc1+ 42. Kf2 Rc2 43. Ke1 Bd2+ 44. Kf2 f5 0-1

[Event "AUS-ch op"]
[Site "Melbourne"]
[Date "2025.01.07"]
[Round "5"]
[White "Xing, Zerui Ryan"]
[Black "Wallis, Christopher"]
[Result "0-1"]
[WhiteElo "1953"]
[BlackElo "2229"]
[PlyCount "80"]
[EventDate "2025.01.02"]
[EventType "swiss"]
[EventRounds "9"]
[EventCountry "AUS"]
[SourceTitle "CB03_2025"]
[SourceDate "2025.01.15"]
[SourceVersion "1"]
[SourceVersionDate "2025.01.15"]
[SourceQuality "1"]

1. d4 Nf6 2. c4 e6 3. Nc3 Bb4 4. e3 0-0 5. Bd3 d6 6. Nf3 Qe7 7. Qb3 c5 8. 0-0 Nc6 9. e4 cxd4 10. Nxd4 Bc5 11. Nxc6 bxc6 12. Bg5 h6 13. Bh4 e5 14. Kh1 g5 15. Bg3 Be6 16. Ne2 a5 17. Qc3 Nd7 18. Qc2 Rfb8 19. f3 Ra7 20. Be1 a4 21. Bc3 Bb4 22. b3 Nc5 23. bxa4 Bxc3 24. Nxc3 Rba8 25. Rfb1 Kg7 26. Rb2 Nxa4 27. Nxa4 Rxa4 28. Rab1 Qa7 29. h3 Rxa2 30. Rxa2 Qxa2 31. Qxa2 Rxa2 32. Rb6 Rd2 33. Bb1 Bxc4 34. Rxc6 Bf1 35. g4 Bg2+ 36. Kg1 Bxf3 37. Bc2 Bg2 38. Rc7 Bxh3 39. Bb3 Rg2+ 40. Kh1 Rf2 0-1

[Event "AUS-ch op"]
[Site "Melbourne"]
[Date "2025.01.06"]
[Round "4"]
[White "Xing, Zerui Ryan"]
[Black "Testolin, Ryder"]
[Result "1/2-1/2"]
[WhiteElo "1953"]
[BlackElo "2178"]
[PlyCount "49"]
[EventDate "2025.01.02"]
[EventType "swiss"]
[EventRounds "9"]
[EventCountry "AUS"]
[SourceTitle "CB03_2025"]
[SourceDate "2025.01.15"]
[SourceVersion "1"]
[SourceVersionDate "2025.01.15"]
[SourceQuality "1"]

1. d4 d5 2. c4 e6 3. Nc3 Nf6 4. cxd5 exd5 5. Bg5 c6 6. Qc2 Be7 7. e3 h6 8. Bh4 0-0 9. Bd3 Ne8 10. Bg3 Nd6 11. Nge2 Re8 12. 0-0 Bf8 13. Bf4 a5 14. f3 Na6 15. a3 b5 16. e4 b4 17. Na4 Bd7 18. Bxa6 Rxa6 19. Nc5 Rb6 20. axb4 Rxb4 21. Bd2 Rb5 22. Nc3 Rb4 23. Ne2 Rb5 24. Nc3 Rb4 25. Ne2 1/2-1/2

[Event "Gold Coast op"]
[Site "Gold Coast"]
[Date "2023.07.08"]
[Round "6"]
[White "Xing, Zerui Ryan"]
[Black "Teh, Rui Gen"]
[Result "0-1"]
[WhiteElo "1588"]
[BlackElo "2040"]
[PlyCount "84"]
[EventDate "2023.07.05"]
[EventType "swiss"]
[EventRounds "9"]
[EventCountry "AUS"]
[SourceTitle "CBM 215 Extra"]
[Source "ChessBase"]
[SourceDate "2023.09.30"]
[SourceVersion "1"]
[SourceVersionDate "2023.09.30"]
[SourceQuality "1"]

1. d4 d5 2. c4 c6 3. Nc3 Nf6 4. Nf3 dxc4 5. a4 Bf5 6. e3 e6 7. Bxc4 Bb4 8. Bd2 Nbd7 9. h3 h6 10. 0-0 0-0 11. Re1 Rc8 12. Rc1 c5 13. Nb5 Bxd2 14. Nxd2 cxd4 15. Nxd4 Bg6 16. b4 Nb6 17. a5 Nxc4 18. Nxc4 Qd5 19. Qb3 Rc7 20. Nd2 Rfc8 21. Qxd5 Nxd5 22. Rxc7 Rxc7 23. b5 Bd3 24. e4 Nc3 25. Re3 Bxb5 26. Rxc3 Rxc3 27. Nxb5 Rc5 28. Nxa7 Rxa5 29. Nc8 Ra1+ 30. Kh2 b5 31. Ne7+ Kf8 32. Nc6 Ra2 33. Nb3 Rxf2 34. Kg3 Rc2 35. Ncd4 Rc3+ 36. Kf4 Ke7 37. g3 f6 38. e5 g5+ 39. Kg4 fxe5 40. Kh5 exd4 41. g4 Kf6 42. Nxd4 Rxh3# 0-1

[Event "NZL-ch op-A 130th"]
[Site "Wellington"]
[Date "2023.01.08"]
[Round "7"]
[White "Xing, Zerui Ryan"]
[Black "Mao, Daqi"]
[Result "1-0"]
[WhiteElo "1596"]
[BlackElo "2085"]
[PlyCount "59"]
[EventDate "2023.01.02"]
[EventType "swiss"]
[EventRounds "9"]
[EventCountry "NZL"]
[SourceTitle "EXT 2024"]
[Source "ChessBase"]
[SourceDate "2023.10.10"]
[SourceVersion "1"]
[SourceVersionDate "2023.10.10"]
[SourceQuality "1"]

1. d4 d5 2. c4 e6 3. Nc3 Nf6 4. Bg5 Bb4 5. e3 h6 6. Bxf6 Qxf6 7. Rc1 0-0 8. cxd5 exd5 9. Bd3 c6 10. Nge2 Bd6 11. Qd2 Bf5 12. Bxf5 Qxf5 13. 0-0 Nd7 14. Ng3 Bxg3 15. fxg3 Qe6 16. Rce1 Nf6 17. Rf4 Rfe8 18. Re2 b5 19. Qe1 g5 20. Rf3 Ne4 21. Nxe4 dxe4 22. Rf1 f6 23. Ref2 Rf8 24. Qc3 Kg7 25. Qc5 Rf7 26. Rc2 Qxa2 27. Qxc6 Qb3 28. Qxe4 Rd8 29. Rc6 Qxb2 30. Rcxf6 1-0

[Event "AUS-ch Major"]
[Site "Sydney"]
[Date "2020.01.11"]
[Round "9"]
[White "Hemsley, Steven E"]
[Black "Xing, Zerui Ryan"]
[Result "1-0"]
[WhiteElo "1430"]
[BlackElo "1229"]
[PlyCount "143"]
[EventDate "2020.01.02"]
[EventType "swiss"]
[EventRounds "11"]
[EventCountry "AUS"]
[SourceTitle "EXT 2021"]
[Source "ChessBase"]
[SourceDate "2020.10.23"]
[SourceVersion "1"]
[SourceVersionDate "2020.10.23"]
[SourceQuality "1"]

1. e4 e6 2. d4 d5 3. Nd2 Nf6 4. e5 Nfd7 5. Bd3 c5 6. c3 Nc6 7. Ne2 c4 8. Bc2 Be7 9. Nf3 b5 10. 0-0 a5 11. Be3 Rb8 12. Qd2 b4 13. Ng5 h6 14. Nh3 Nb6 15. f4 a4 16. Rae1 b3 17. axb3 axb3 18. Bb1 Kd7 19. f5 Kc7 20. Bf4 Kb7 21. f6 Bf8 22. fxg7 Bxg7 23. Rf3 Bd7 24. Ref1 Kc8 25. Ng3 h5 26. Bg5 Qe8 27. Rxf7 Bf8 28. Bg6 Be7 29. Rh7 Qd8 30. Rxh8 Qxh8 31. Bxh5 Ra8 32. Qf4 Ra2 33. Bxe7 Nxe7 34. Qf6 Qd8 35. Rf2 Na4 36. Ng5 Rxb2 37. Rxb2 Nxb2 38. Nf7 Qa5 39. Qxe7 Nd3 40. Nd6+ Kc7 41. Be8 Qa4 42. Bxd7 Qxd7 43. Nb5+ Kc8 44. Qxd7+ Kxd7 45. Na3 Nb4 46. Nb1 Na2 47. h4 Ke7 48. h5 Kf7 49. Ne2 Kg7 50. Nf4 Kf7 51. h6 b2 52. Nxe6 Kg8 53. Nc7 Kh7 54. Nxd5 Kxh6 55. Nb6 Kg7 56. Nxc4 Kf7 57. Nxb2 Kg8 58. Nd3 Kh8 59. c4 Kg8 60. c5 Kh8 61. c6 Kg8 62. c7 Kh8 63. c8Q+ Kh7 64. Qe6 Nc3 65. Nxc3 Kh8 66. d5 Kh7 67. d6 Kh8 68. d7 Kh7 69. Nd5 Kh8 70. d8Q+ Kh7 71. Qdd7+ Kh8 72. Qee8# 1-0

[Event "AUS-ch Major"]
[Site "Sydney"]
[Date "2020.01.06"]
[Round "5"]
[White "Davis, Tony J"]
[Black "Xing, Zerui Ryan"]
[Result "1-0"]
[WhiteElo "1858"]
[BlackElo "1229"]
[PlyCount "91"]
[EventDate "2020.01.02"]
[EventType "swiss"]
[EventRounds "11"]
[EventCountry "AUS"]
[SourceTitle "EXT 2021"]
[Source "ChessBase"]
[SourceDate "2020.10.23"]
[SourceVersion "1"]
[SourceVersionDate "2020.10.23"]
[SourceQuality "1"]

1. d4 d5 2. Bg5 Qd6 3. Nf3 Bf5 4. e3 e6 5. Qd2 Nd7 6. c4 dxc4 7. Bxc4 Ngf6 8. Nc3 a6 9. a3 Be7 10. 0-0 Nb6 11. Be2 0-0 12. Bxf6 Bxf6 13. e4 Bg4 14. e5 Bxe5 15. dxe5 Qxd2 16. Nxd2 Bxe2 17. Nxe2 Rad8 18. Nf3 Nd5 19. Rac1 c6 20. Rfd1 h6 21. Rd3 Kh7 22. Rcd1 g6 23. Nc3 Kg7 24. Ne4 Rc8 25. g3 b5 26. b4 Ne7 27. Rd7 Nd5 28. Rc1 Nb6 29. Ra7 Nc4 30. Nd6 Nxd6 31. exd6 Rcd8 32. Rxc6 Kf6 33. Raxa6 Rd7 34. Rc7 Rdd8 35. Nd4 Rc8 36. Nxb5 Rb8 37. a4 Rfd8 38. Rac6 Kg5 39. d7 Kg4 40. Kg2 f5 41. Rxe6 g5 42. h3+ Kh5 43. Nd4 Rxb4 44. Nxf5 Rh8 45. d8Q Rxd8 46. Rxh6# 1-0

[Event "AUS-ch Major"]
[Site "Sydney"]
[Date "2020.01.04"]
[Round "3"]
[White "Low, Frank"]
[Black "Xing, Zerui Ryan"]
[Result "0-1"]
[WhiteElo "1456"]
[BlackElo "1229"]
[PlyCount "66"]
[EventDate "2020.01.02"]
[EventType "swiss"]
[EventRounds "11"]
[EventCountry "AUS"]
[SourceTitle "EXT 2021"]
[Source "ChessBase"]
[SourceDate "2020.10.23"]
[SourceVersion "1"]
[SourceVersionDate "2020.10.23"]
[SourceQuality "1"]

1. Nf3 d5 2. c4 dxc4 3. e3 b5 4. a4 c6 5. b3 e6 6. bxc4 bxc4 7. Bxc4 Nf6 8. 0-0 Be7 9. Nc3 0-0 10. d4 a5 11. e4 Bb4 12. Bb2 Bxc3 13. Bxc3 Nxe4 14. Bb2 Nd7 15. Re1 Nef6 16. Qe2 Nb6 17. Bd3 Nbd5 18. Qe5 Bd7 19. Ng5 h6 20. Ne4 Rb8 21. Ba3 Re8 22. Rab1 Rxb1 23. Rxb1 Nxe4 24. Qxe4 f5 25. Qe1 Qc7 26. Bc5 e5 27. Qd2 exd4 28. Bc4 Kh7 29. Bxd5 cxd5 30. Qxd4 Bxa4 31. Qxd5 Re5 32. Bd6 Qc2 33. Qd1 Rd5 0-1

[Event "Adelaide Lidums op"]
[Site "Adelaide"]
[Date "2019.12.10"]
[Round "6"]
[White "Xing, Zerui Ryan"]
[Black "He, Paul"]
[Result "0-1"]
[WhiteElo "1453"]
[BlackElo "1612"]
[PlyCount "74"]
[EventDate "2019.12.07"]
[EventType "swiss"]
[EventRounds "9"]
[EventCountry "AUS"]
[SourceTitle "CBM 193 Extra"]
[Source "ChessBase"]
[SourceDate "2020.01.31"]
[SourceVersion "1"]
[SourceVersionDate "2020.01.31"]
[SourceQuality "1"]

1. e4 c5 2. Nf3 g6 3. c3 d5 4. exd5 Qxd5 5. d3 Bg7 6. Be2 Nf6 7. Nbd2 Nc6 8. Nb3 0-0 9. Be3 b6 10. 0-0 Bb7 11. Ne1 Rad8 12. f4 Rfe8 13. Nd2 e5 14. Bf3 Qd7 15. Qc2 Nd5 16. Bxd5 Qxd5 17. f5 Nd4 18. cxd4 exd4 19. fxg6 hxg6 20. Bf4 Rxe1 21. Ne4 Rxa1 22. Rxa1 c4 23. Bh6 cxd3 24. Qc7 Rc8 25. Bxg7 Rxc7 26. Nf6+ Kxg7 27. Nxd5 Bxd5 28. Kf2 Rc2+ 29. Ke1 Rxg2 30. Kf1 Rxh2 31. Kg1 Rh1+ 32. Kf2 Rxa1 33. Kg3 d2 34. Kh2 d1Q 35. Kg3 Qf3+ 36. Kh4 Rh1+ 37. Kg5 Rh5# 0-1